[Event "Chigorin Memorial"]
[Site "St Petersburg"]
[Date "2015.10.05"]
[Round "3.37"]
[White "Semiev, Suhrab"]
[Black "Maletin, Pavel"]
[Result "1/2-1/2"]
[WhiteElo "2306"]
[BlackElo "2581"]
[PlyCount "90"]
[EventDate "2015.10.03"]
[EventRounds "9"]
[EventCountry "RUS"]

1. d4 g6 2. e4 Bg7 3. Nc3 d6 4. g3 Nd7 5. Bg2 Ngf6 6. Nge2 O-O 7. h3 Rb8 8. a4
c5 9. O-O b6 10. Be3 a6 11. g4 cxd4 12. Bxd4 e5 13. Be3 h5 14. g5 Ne8 15. Nd5
Nc5 16. b4 Ne6 17. Qd2 Bd7 18. c4 Bc6 19. Ra3 a5 20. Rb1 axb4 21. Rxb4 Nc5 22.
a5 Bxd5 23. cxd5 bxa5 24. Rxb8 Qxb8 25. Rxa5 Nb3 26. Qb2 Qd8 27. Ra7 Nd4 28. h4
Qc8 29. Nxd4 exd4 30. Bxd4 Bxd4 31. Qxd4 Qc1+ 32. Bf1 Qf4 33. Qe3 Qxh4 34. Bh3
Ng7 35. Re7 Ra8 36. Qg3 Qxg3+ 37. fxg3 Kf8 38. Rd7 Ne8 39. Kf2 Ra2+ 40. Kf3
Ra3+ 41. Kf2 h4 42. Rd8 Rxg3 43. e5 Ke7 44. Rd7+ Kf8 45. Rd8 Ke7 1/2-1/2

[Event "Chigorin Memorial"]
[Site "St Petersburg"]
[Date "2015.10.05"]
[Round "3.38"]
[White "Shchukin, Dmitry"]
[Black "Esen, Baris"]
[Result "0-1"]
[WhiteElo "2299"]
[BlackElo "2570"]
[PlyCount "102"]
[EventDate "2015.10.03"]
[EventRounds "9"]
[EventCountry "RUS"]

1. e4 c5 2. Nf3 d6 3. d4 cxd4 4. Nxd4 Nf6 5. Nc3 a6 6. f4 Qc7 7. a4 g6 8. Bd3
Bg7 9. Nf3 Bg4 10. O-O Nbd7 11. Qe1 Bxf3 12. Rxf3 O-O 13. Qh4 e6 14. Be3 Qa5
15. Ra3 Rac8 16. h3 Rc6 17. Qf2 Rfc8 18. Nb5 Ra8 19. e5 Ne8 20. Nd4 Rcc8 21.
exd6 Nxd6 22. Nb3 Qd5 23. Bd4 e5 24. fxe5 Nxe5 25. Re3 Nec4 26. Bxc4 Nxc4 27.
Rd3 Bxd4 28. Rxd4 Qe6 29. Ra2 Ne3 30. c4 Rxc4 31. Rxc4 Nxc4 32. Nc5 Qd5 33. b3
Rc8 34. Nxb7 Ne5 35. Re2 Re8 36. Qe1 Qd3 37. Na5 Re6 38. Kh1 Nf3 39. Rxe6 Nxe1
40. Rxe1 Qc3 41. Re8+ Kg7 42. Nc4 Qxb3 43. Rc8 Qxa4 44. Kh2 Qb4 45. Rc6 a5 46.
Nd6 a4 47. Ne8+ Kf8 48. Nf6 Qb7 49. Rb6 Qc7+ 50. Kh1 a3 51. Rb8+ Qxb8 0-1

[Event "Chigorin Memorial"]
[Site "St Petersburg"]
[Date "2015.10.05"]
[Round "3.39"]
[White "Matsenko, Sergei"]
[Black "Ovchinnikov, Vsevolod"]
[Result "1-0"]
[WhiteElo "2531"]
[BlackElo "2273"]
[PlyCount "145"]
[EventDate "2015.10.03"]
[EventRounds "9"]
[EventCountry "RUS"]

1. Nf3 Nf6 2. c4 c5 3. Nc3 e6 4. e3 b6 5. d4 Bb7 6. d5 d6 7. Be2 e5 8. e4 g6 9.
O-O Bg7 10. Ne1 O-O 11. Nd3 Nbd7 12. a3 a6 13. Bg5 h6 14. Be3 Ne8 15. b4 f5 16.
f3 f4 17. Bf2 Bf6 18. Rb1 Rb8 19. Na4 Qc8 20. Qc2 Bd8 21. Rb2 Ba8 22. Rfb1 Rb7
23. g3 fxg3 24. hxg3 g5 25. Bf1 Nef6 26. Qe2 Be7 27. Bh3 Qc7 28. Be6+ Kg7 29.
Ne1 b5 30. cxb5 axb5 31. Nc3 c4 32. Ng2 Rh8 33. Ne3 Nf8 34. Bh3 Ng6 35. Kg2 Nh5
36. Qd2 Rbb8 37. Rh1 Nf6 38. Be6 Nf8 39. Bf5 Qd8 40. a4 bxa4 41. Nxc4 a3 42.
Nxa3 Bb7 43. Nc4 Bc8 44. Ne3 Bxf5 45. Nxf5+ Kg6 46. b5 N6d7 47. b6 Rb7 48. Qd3
Rh7 49. Qa6 Qb8 50. Rxh6+ Rxh6 51. Nxe7+ Kh7 52. Nf5 g4 53. Nxh6 gxf3+ 54. Kxf3
Kxh6 55. Be3+ Kg6 56. Nd1 Nc5 57. Bxc5 dxc5 58. Ne3 Nd7 59. Nc4 Qc8 60. Kg2 Nb8
61. Qa1 Rh7 62. Nxe5+ Kg7 63. Nf3 Qh3+ 64. Kf2 Kg6 65. b7 Rf7 66. Rb6+ Kh7 67.
Rf6 Rg7 68. Qe5 Nd7 69. Ng5+ Rxg5 70. Rf7+ Kh6 71. Qh8+ Kg6 72. Qg7+ Kh5 73.
Qh7+ 1-0

[Event "Chigorin Memorial"]
[Site "St Petersburg"]
[Date "2015.10.05"]
[Round "3.40"]
[White "Predke, Alexandr"]
[Black "Shemeakin, Alexander"]
[Result "1-0"]
[WhiteElo "2527"]
[BlackElo "2275"]
[PlyCount "93"]
[EventDate "2015.10.03"]
[EventRounds "9"]
[EventCountry "RUS"]

1. d4 d5 2. c4 c6 3. Nc3 Nf6 4. Nf3 a6 5. a4 e6 6. Bg5 a5 7. e3 Be7 8. Rc1 O-O
9. Bd3 Na6 10. O-O Nb4 11. Bb1 b6 12. cxd5 exd5 13. Ne5 Ba6 14. Re1 h6 15. Bf4
Bd6 16. Qf3 Ra7 17. Na2 Bb7 18. Nxb4 Bxb4 19. Red1 c5 20. Ng4 Nxg4 21. Qxg4 Qf6
22. Be5 Qg5 23. Qd7 Rfa8 24. h4 Qh5 25. Qh3 c4 26. b3 Be7 27. bxc4 dxc4 28. Qg3
g6 29. d5 Bxh4 30. Qf4 Bg5 31. Qd4 Ba6 32. Qxb6 Rd7 33. Bc3 Bb7 34. Qd4 f6 35.
Qe4 Kg7 36. Qe6 Rf7 37. Rd4 Bc8 38. Qc6 Rb8 39. Qxc4 Bd7 40. Rcd1 Rc8 41. Qb3
Bxa4 42. Qxa4 Rxc3 43. d6 f5 44. d7 f4 45. exf4 Bxf4 46. Rxf4 Rxf4 47. d8=Q 1-0

[Event "Chigorin Memorial"]
[Site "St Petersburg"]
[Date "2015.10.05"]
[Round "3.41"]
[White "Petrov, Dmitri"]
[Black "Levin, Evgeny A"]
[Result "0-1"]
[WhiteElo "2245"]
[BlackElo "2508"]
[PlyCount "44"]
[EventDate "2015.10.03"]
[EventRounds "9"]
[EventCountry "RUS"]

1. e4 c5 2. Nf3 e6 3. d4 cxd4 4. Nxd4 a6 5. Bd3 Ne7 6. O-O Nbc6 7. Be3 Nxd4 8.
Bxd4 Nc6 9. Bc3 b5 10. a3 e5 11. b4 Be7 12. a4 Rb8 13. axb5 axb5 14. Qe2 Bxb4
15. Bxb5 Bxc3 16. Nxc3 O-O 17. Qd3 Nd4 18. Bc4 Rb2 19. Rfc1 d6 20. Ne2 Nxe2+
21. Qxe2 Qb6 22. Bb3 Qxb3 0-1

[Event "Chigorin Memorial"]
[Site "St Petersburg"]
[Date "2015.10.05"]
[Round "3.42"]
[White "Shkalov, Oleg"]
[Black "Usmanov, Vasily"]
[Result "0-1"]
[WhiteElo "2239"]
[BlackElo "2450"]
[PlyCount "36"]
[EventDate "2015.10.03"]
[EventRounds "9"]
[EventCountry "RUS"]

1. d4 Nf6 2. c4 e6 3. Nc3 Bb4 4. f3 O-O 5. e4 d5 6. cxd5 exd5 7. e5 Nfd7 8. a3
Bxc3+ 9. bxc3 f6 10. exf6 Qe8+ 11. Qe2 Qf7 12. fxg7 Re8 13. Be3 Nc6 14. O-O-O
Nb6 15. Re1 Na5 16. Qa2 Rxe3 17. Rxe3 Qf4 18. Qd2 Nb3+ 0-1

[Event "Chigorin Memorial"]
[Site "St Petersburg"]
[Date "2015.10.05"]
[Round "3.43"]
[White "Malakhov, Igor"]
[Black "Askerov, Marat"]
[Result "1-0"]
[WhiteElo "2438"]
[BlackElo "2232"]
[PlyCount "97"]
[EventDate "2015.10.03"]
[EventRounds "9"]
[EventCountry "RUS"]

1. c4 c5 2. Nf3 Nc6 3. Nc3 g6 4. e3 Nf6 5. d4 cxd4 6. exd4 d5 7. cxd5 Nxd5 8.
Qb3 Nxc3 9. bxc3 Bg7 10. Be2 O-O 11. O-O b6 12. Re1 Be6 13. Qa3 Qc7 14. Bg5 Bd5
15. Rad1 e6 16. c4 Bxf3 17. Bxf3 Rac8 18. Bxc6 Qxc6 19. d5 Qxc4 20. Be7 exd5
21. Bxf8 Bxf8 22. Qxa7 Qc6 23. Qa6 Ra8 24. Qe2 Bb4 25. Rf1 Bc3 26. g3 d4 27.
Rb1 h5 28. h4 Qd6 29. Rfd1 Bb4 30. Qe4 Rd8 31. Rd3 Bc5 32. Rb2 Qd7 33. Re2 Qh3
34. Qf4 Qd7 35. Rf3 Qd5 36. Qf6 Qd7 37. Qg5 Bb4 38. Rd3 Bc5 39. Kh2 Ra8 40. Rf3
Bb4 41. Re5 Rd8 42. Rff5 Qc7 43. Rf6 d3 44. Rxg6+ fxg6 45. Qxg6+ Qg7 46. Qe6+
Qf7 47. Rg5+ Kf8 48. Rf5 Rd7 49. Qxd7 1-0

[Event "Chigorin Memorial"]
[Site "St Petersburg"]
[Date "2015.10.05"]
[Round "3.44"]
[White "Mamyrbay, Assad"]
[Black "Guseva, Marina"]
[Result "0-1"]
[WhiteElo "2195"]
[BlackElo "2411"]
[PlyCount "78"]
[EventDate "2015.10.03"]
[EventRounds "9"]
[EventCountry "RUS"]

1. e4 c6 2. d4 d5 3. Nc3 dxe4 4. Nxe4 Bf5 5. Ng3 Bg6 6. h4 h6 7. Nf3 e6 8. Ne5
Bh7 9. Bd3 Bxd3 10. Qxd3 Nd7 11. f4 Bb4+ 12. c3 Be7 13. Bd2 Ngf6 14. O-O-O O-O
15. Kb1 c5 16. Be3 Qc7 17. Ne4 Nxe4 18. Qxe4 Rfd8 19. h5 cxd4 20. Bxd4 Bf6 21.
Nxd7 Rxd7 22. Bxf6 gxf6 23. f5 e5 24. Rxd7 Qxd7 25. Qg4+ Kh7 26. Rd1 Qc6 27.
Qb4 Rg8 28. g4 Re8 29. Rd6 Qh1+ 30. Kc2 Kg7 31. Qa4 b5 32. Qxb5 Qe4+ 33. Kc1
Re7 34. b3 Qf4+ 35. Kb2 e4 36. Qc5 Qh2+ 37. Kb1 Re5 38. Qc7 Rd5 39. Rd7 Rd1+
0-1

[Event "Chigorin Memorial"]
[Site "St Petersburg"]
[Date "2015.10.05"]
[Round "3.45"]
[White "Korchmar, Vasiliy"]
[Black "Zaykov, Sergey"]
[Result "1/2-1/2"]
[WhiteElo "2402"]
[BlackElo "2210"]
[PlyCount "120"]
[EventDate "2015.10.03"]
[EventRounds "9"]
[EventCountry "RUS"]

1. d4 d5 2. c4 e6 3. Nf3 f5 4. g3 Nf6 5. Bg2 Bd6 6. O-O c6 7. Nc3 Nbd7 8. Qc2
Ne4 9. Rb1 Qe7 10. c5 Bc7 11. b4 O-O 12. b5 e5 13. Na4 f4 14. bxc6 bxc6 15. Bb2
Ng5 16. dxe5 Nxe5 17. Nxe5 Bxe5 18. Bxe5 Qxe5 19. Qb2 Qe7 20. Qd4 fxg3 21. hxg3
Bf5 22. Rb3 Qxe2 23. Re3 Qh5 24. Re7 Rf7 25. Rfe1 Be4 26. Rxf7 Qxf7 27. f4 Bxg2
28. Kxg2 Ne4 29. Nc3 Nf6 30. Re5 Nd7 31. Re2 Re8 32. Rxe8+ Qxe8 33. Qa4 Nxc5
34. Qxa7 Ne4 35. Qe3 Nf6 36. Qc5 h5 37. a4 Ng4 38. Kf1 Qg6 39. Qe7 Qd3+ 40. Ne2
Qd1+ 41. Kg2 Qxa4 42. Qe8+ Kh7 43. Qxh5+ Nh6 44. Qf3 Qc2 45. g4 Nf7 46. Kg3 Nd6
47. f5 Qd2 48. Qf4 Ne4+ 49. Kf3 Qd3+ 50. Qe3 Qd1 51. Kf4 Qh1 52. Ke5 Qh2+ 53.
Nf4 Qb2+ 54. Ke6 Qf6+ 55. Kd7 Qd6+ 56. Kc8 Qe7 57. Kb8 Qh4 58. Qf3 c5 59. Kb7
Qe7+ 60. Kc6 Qd6+ 1/2-1/2

[Event "Chigorin Memorial"]
[Site "St Petersburg"]
[Date "2015.10.05"]
[Round "3.46"]
[White "Gogin, Maksim"]
[Black "Slavin, Alexey"]
[Result "1-0"]
[WhiteElo "2220"]
[BlackElo "2401"]
[PlyCount "141"]
[EventDate "2015.10.03"]
[EventRounds "9"]
[EventCountry "RUS"]

1. d4 Nf6 2. Bg5 c5 3. d5 Ne4 4. Bf4 Qb6 5. Qc1 d6 6. f3 g5 7. Be3 Bg7 8. c3
Nf6 9. Bxg5 Nxd5 10. e4 Nf6 11. Na3 Nc6 12. Nc4 Qc7 13. Ne3 Be6 14. Ne2 O-O-O
15. Nf4 Rhe8 16. Bb5 a6 17. Ba4 b5 18. Bc2 Qb7 19. O-O Kb8 20. Qe1 Bc8 21. Rd1
Ng8 22. Nh5 Bh6 23. Qh4 Bxg5 24. Qxg5 e6 25. Rd2 Qe7 26. Qg3 Rd7 27. Rfd1 Red8
28. a4 h6 29. Bd3 b4 30. Nc4 Qg5 31. Qxg5 hxg5 32. Nb6 Ra7 33. Be2 Nge7 34.
Rxd6 Rxd6 35. Rxd6 Kc7 36. Nc4 Ne5 37. Nf6 Nxc4 38. Ne8+ Kb8 39. Bxc4 bxc3 40.
bxc3 Rb7 41. Rd2 Rb1+ 42. Kf2 Ra1 43. Rb2+ Ka7 44. Nd6 Rxa4 45. Bb3 Ra3 46.
Nxf7 Nc6 47. Nxg5 Ne5 48. Ke3 a5 49. Kd2 c4 50. Bc2 Bd7 51. h4 Ra1 52. Ke3 a4
53. Kd4 a3 54. Rb1 Rxb1 55. Bxb1 Ba4 56. Kxe5 Bc2 57. Ba2 Bb3 58. h5 Bxa2 59.
h6 Bb3 60. h7 a2 61. h8=Q a1=Q 62. Qg7+ Ka6 63. Kxe6 Bc2 64. Qd4 Bd3 65. Nf7
Qh1 66. Qd6+ Ka7 67. Ne5 Qxg2 68. Nc6+ Kb6 69. Nd8+ Ka5 70. Qc5+ Ka6 71. Qc6+
1-0

[Event "Chigorin Memorial"]
[Site "St Petersburg"]
[Date "2015.10.05"]
[Round "3.47"]
[White "Ponfilenok, Vladimir"]
[Black "Ivlev, Aleksey"]
[Result "1/2-1/2"]
[WhiteElo "2395"]
[BlackElo "2215"]
[PlyCount "118"]
[EventDate "2015.10.03"]
[EventRounds "9"]
[EventCountry "RUS"]

1. d4 Nf6 2. Nf3 e6 3. g3 c5 4. Bg2 cxd4 5. Nxd4 Nc6 6. O-O d5 7. c4 Qb6 8. Nb5
Ne5 9. Bf4 dxc4 10. Nxa7 Qxa7 11. Bxe5 Bc5 12. e3 Be7 13. Nd2 Qc5 14. Bd4 Qc7
15. Rc1 e5 16. Rxc4 Qa5 17. Bc3 Qxa2 18. Bxe5 O-O 19. Qc2 Qa5 20. Bc3 Qb5 21.
Rc1 Nd5 22. Bd4 Be6 23. Bc5 Rfc8 24. Bxe7 Nxe7 25. Rxc8+ Rxc8 26. Qb1 Ra8 27.
Ne4 Rd8 28. Rd1 Rxd1+ 29. Qxd1 Nc6 30. Qd2 h6 31. Nd6 Qa6 32. h3 Ne5 33. Qd4 f6
34. f4 Nc6 35. Qe4 Nd8 36. Nxb7 Nxb7 37. Qxb7 Qe2 38. Qa8+ Kf7 39. Qa7+ Kg8 40.
Qb6 Bf5 41. Qd4 Bd3 42. g4 f5 43. gxf5 Qe1+ 44. Kh2 Bf1 45. Bd5+ Kh7 46. Qe4
Qd2+ 47. Kh1 Bd3 48. Qg2 Qxe3 49. f6 g6 50. Qf3 Qc1+ 51. Kh2 Qxb2+ 52. Kg3 Qd4
53. Kg2 Qb2+ 54. Kg3 Qd4 55. Kg2 Qb2+ 56. Kg3 Qd4 57. Ba8 Qg1+ 58. Qg2 Qe3+ 59.
Qf3 Qg1+ 1/2-1/2

[Event "Chigorin Memorial"]
[Site "St Petersburg"]
[Date "2015.10.05"]
[Round "3.48"]
[White "Dragun, Valentin"]
[Black "Bublei, Pavel"]
[Result "1/2-1/2"]
[WhiteElo "2190"]
[BlackElo "2380"]
[PlyCount "81"]
[EventDate "2015.10.03"]
[EventRounds "9"]
[EventCountry "RUS"]

1. e4 c6 2. d4 d5 3. f3 Qb6 4. Nc3 dxe4 5. Nxe4 Nf6 6. c3 Bf5 7. Bd3 Bg6 8. Qe2
Nxe4 9. fxe4 e5 10. dxe5 Nd7 11. Nf3 Rd8 12. Bg5 Be7 13. Be3 Bc5 14. Bg5 Be7
15. Be3 c5 16. O-O-O a6 17. Bf4 Qc6 18. Bc4 Nb6 19. Rxd8+ Bxd8 20. e6 Nxc4 21.
Qxc4 Qxe6 22. Qxc5 Be7 23. Qd5 Bxe4 24. Qxe6 fxe6 25. Nd2 Bxg2 26. Rg1 Bd5 27.
Rxg7 h5 28. Be3 h4 29. c4 Bc6 30. Rg4 Rf8 31. Kd1 h3 32. Bf4 Bf6 33. b3 Kf7 34.
Bg3 Rg8 35. Rxg8 Kxg8 36. Ke2 Kf7 37. Ke3 Bg5+ 38. Bf4 Be7 39. Ne4 Kg6 40. Bd6
Bh4 41. Bg3 1/2-1/2

[Event "Chigorin Memorial"]
[Site "St Petersburg"]
[Date "2015.10.05"]
[Round "3.49"]
[White "Reshetnikov, Ruslan"]
[Black "Sanzhaev, Darsen"]
[Result "0-1"]
[WhiteElo "2178"]
[BlackElo "2378"]
[PlyCount "60"]
[EventDate "2015.10.03"]
[EventRounds "9"]
[EventCountry "RUS"]

1. d4 Nf6 2. c4 e6 3. Nc3 Bb4 4. e3 c5 5. Nge2 b6 6. a3 Ba5 7. g3 Bb7 8. d5 O-O
9. Bg2 b5 10. O-O bxc4 11. e4 exd5 12. exd5 d6 13. Qa4 Nbd7 14. Qxc4 Ne5 15.
Qa4 Bb6 16. Rd1 Rc8 17. Bf4 c4 18. Bxe5 dxe5 19. h3 Qd6 20. Rd2 Rfd8 21. Ne4
Nxe4 22. Bxe4 Qh6 23. Qc2 Rc7 24. Bg2 Bc8 25. h4 Bf5 26. Qd1 Bd3 27. Nc3 f5 28.
Rxd3 cxd3 29. Qxd3 e4 30. Qe2 Bd4 0-1

[Event "Chigorin Memorial"]
[Site "St Petersburg"]
[Date "2015.10.05"]
[Round "3.51"]
[White "Shemyakin, Valeriy"]
[Black "Gevorgyan, David Sh"]
[Result "0-1"]
[WhiteElo "2169"]
[BlackElo "2359"]
[PlyCount "112"]
[EventDate "2015.10.03"]
[EventRounds "9"]
[EventCountry "RUS"]

1. e4 c5 2. Nf3 d6 3. d4 cxd4 4. Nxd4 Nf6 5. Nc3 Bd7 6. Bc4 a6 7. Bb3 e6 8. O-O
Be7 9. Kh1 Nc6 10. Be3 Na5 11. f4 O-O 12. Qf3 Qc7 13. g4 Nxb3 14. axb3 d5 15.
exd5 Nxd5 16. Nxd5 exd5 17. f5 Bc5 18. c3 Rfe8 19. Rae1 Re4 20. b4 Bd6 21. Bg1
Rae8 22. Rxe4 dxe4 23. Qe2 Be5 24. Rd1 e3 25. Bxe3 Bxd4 26. Rxd4 Bc6+ 27. Kg1
Qe7 28. Kf2 Qh4+ 29. Kf1 Qh3+ 30. Kf2 Qxh2+ 31. Ke1 Qh1+ 32. Kd2 Qb1 33. Qd3
Qxb2+ 34. Ke1 Qa1+ 35. Kd2 Qb2+ 36. Ke1 h6 37. Rd8 Rxd8 38. Qxd8+ Kh7 39. Qd4
Bb5 40. Bd2 Qb1+ 41. Kf2 Qf1+ 42. Kg3 Bc6 43. Qf2 Qd3+ 44. Qe3 Qd5 45. Qf2 b6
46. f6 g5 47. Qf5+ Qxf5 48. gxf5 a5 49. bxa5 bxa5 50. Kg4 a4 51. Bc1 Bd5 52.
Ba3 Bc4 53. Bc1 Bd3 54. Ba3 Be2+ 55. Kh3 h5 56. Bf8 Bg4+ 0-1

[Event "Chigorin Memorial"]
[Site "St Petersburg"]
[Date "2015.10.05"]
[Round "3.52"]
[White "Yudkevich, Mikhail"]
[Black "Gubajdullin, Alexei"]
[Result "0-1"]
[WhiteElo "2154"]
[BlackElo "2359"]
[PlyCount "120"]
[EventDate "2015.10.03"]
[EventRounds "9"]
[EventCountry "RUS"]

1. Nf3 c5 2. c4 Nf6 3. g3 b6 4. Bg2 Bb7 5. O-O g6 6. d4 cxd4 7. Qxd4 Bg7 8. Nc3
O-O 9. Qh4 d6 10. Bh6 Nbd7 11. Bxg7 Kxg7 12. Rac1 Rc8 13. Rfd1 Rc5 14. Qd4 Qa8
15. Ne1 Rfc8 16. b3 Bxg2 17. Nxg2 a6 18. Ne3 b5 19. Ncd5 e5 20. Qh4 Nxd5 21.
Nxd5 bxc4 22. bxc4 Re8 23. Qg5 h6 24. Qd2 Re6 25. Qb4 Qc6 26. Qb3 a5 27. Rc3
Re8 28. Qa3 Nf8 29. Rb3 Rxc4 30. Qxa5 Ra8 31. Qb6 Ne6 32. Qxc6 Rxc6 33. Rb2 Nd4
34. Kg2 Ra5 35. Ne7 Rca6 36. e3 Ne6 37. Rbd2 Rxa2 38. Rxa2 Rxa2 39. Rxd6 Nc5
40. Rd1 Ne4 41. Rf1 Kf6 42. Nd5+ Ke6 43. Nb4 Rd2 44. h4 Kd6 45. Kf3 f5 46. g4
h5 47. gxh5 gxh5 48. Kg2 Kc5 49. Na6+ Kb6 50. Nb8 Rd6 51. Rb1+ Kc7 52. Rb5 Rg6+
53. Kf1 Re6 54. f3 Nf6 55. Kf2 f4 56. exf4 exf4 57. Rf5 Kxb8 58. Rxf4 Kc7 59.
Rf5 Kd6 60. Kg3 Ke7 0-1

[Event "Chigorin Memorial"]
[Site "St Petersburg"]
[Date "2015.10.05"]
[Round "3.53"]
[White "Shevchenko, Kirill"]
[Black "Shubin, Kirill"]
[Result "1-0"]
[WhiteElo "2359"]
[BlackElo "2176"]
[PlyCount "75"]
[EventDate "2015.10.03"]
[EventRounds "9"]
[EventCountry "RUS"]

1. e4 e6 2. d4 d5 3. Nc3 Nf6 4. e5 Nfd7 5. Nce2 c5 6. c3 Nc6 7. Nf3 Qb6 8. a3
Be7 9. h4 Nf8 10. h5 Bd7 11. Nf4 cxd4 12. cxd4 a5 13. g3 a4 14. Bh3 Na5 15. O-O
Rc8 16. h6 g6 17. Re1 Rc7 18. Nd3 Nb3 19. Rb1 Bb5 20. Be3 Nd7 21. Nc1 Bc4 22.
Nxb3 Bxb3 23. Qd2 O-O 24. Bg5 Bxg5 25. Qxg5 Rc2 26. Rec1 Rxc1+ 27. Rxc1 Bc4 28.
Qd2 Qd8 29. Rc3 f5 30. exf6 Rxf6 31. Re3 Qf8 32. Ng5 Nb6 33. Rxe6 Bb5 34. Rxf6
Qxf6 35. Be6+ Kh8 36. Qb4 Be8 37. Nf7+ Kg8 38. Nd8+ 1-0

[Event "Chigorin Memorial"]
[Site "St Petersburg"]
[Date "2015.10.05"]
[Round "3.55"]
[White "Bivol, Alina"]
[Black "Naumenko, Oleg"]
[Result "1-0"]
[WhiteElo "2350"]
[BlackElo "2167"]
[PlyCount "109"]
[EventDate "2015.10.03"]
[EventRounds "9"]
[EventCountry "RUS"]

1. Nf3 Nf6 2. g3 g6 3. Bg2 Bg7 4. O-O O-O 5. d4 c5 6. dxc5 Na6 7. Be3 Ne4 8.
Bd4 f6 9. Nc3 Naxc5 10. Nxe4 Nxe4 11. c4 d5 12. cxd5 Qxd5 13. Qa4 Bd7 14. Qa3
e5 15. Be3 Qb5 16. Qd3 f5 17. a4 Qxd3 18. exd3 Nd6 19. Bc5 Rf6 20. Nxe5 Be8 21.
Bd5+ Kh8 22. Rfe1 Rd8 23. Nc4 Nxc4 24. dxc4 Rc8 25. Bxa7 Rf8 26. a5 Bc6 27. Bc5
Rfd8 28. Be7 Rxd5 29. cxd5 Bxd5 30. Rad1 Bf3 31. Rd8+ Rxd8 32. Bxd8 Bxb2 33.
Rb1 Bd4 34. Rb4 Be5 35. Rb5 Bd4 36. Bb6 Bf6 37. Rc5 Kg7 38. Rc7+ Kg8 39. Rd7 h6
40. Bd4 Bxd4 41. Rxd4 Kg7 42. Rd6 g5 43. Kf1 h5 44. Ke1 Kf7 45. Kd2 Ke7 46. Rg6
g4 47. Kc3 Kd7 48. Kc4 Be4 49. Rh6 Kc7 50. Kc5 Bf3 51. Rxh5 Be4 52. Rh7+ Kb8
53. Kb6 Kc8 54. Rh8+ Kd7 55. Rb8 1-0

[Event "Chigorin Memorial"]
[Site "St Petersburg"]
[Date "2015.10.05"]
[Round "3.56"]
[White "Mischeryakov, Alexey"]
[Black "Karasev, Vladimir I"]
[Result "0-1"]
[WhiteElo "1923"]
[BlackElo "2341"]
[PlyCount "72"]
[EventDate "2015.10.03"]
[EventRounds "9"]
[EventCountry "RUS"]

1. e4 c5 2. Nf3 e6 3. d4 cxd4 4. Nxd4 Qb6 5. Nb3 Qc7 6. Nc3 a6 7. Bd3 Nf6 8.
O-O b5 9. a3 Bb7 10. Bg5 Be7 11. f4 h6 12. Bh4 d6 13. Qe2 Nbd7 14. Kh1 g5 15.
Bg3 gxf4 16. Bxf4 Ne5 17. Bxe5 dxe5 18. Rf2 h5 19. Raf1 Rh6 20. h3 Qb6 21. Rf3
Rg6 22. Qe3 Qxe3 23. Rxe3 Rc8 24. Kh2 h4 25. g4 hxg3+ 26. Rxg3 Rxg3 27. Kxg3
Nh5+ 28. Kf3 Nf4 29. Rh1 Bxa3 30. Nxb5 axb5 31. Bxb5+ Ke7 32. bxa3 Rc3+ 33. Kg4
Bxe4 34. Rh2 Bxc2 35. Rxc2 f5+ 36. Kh4 Rxh3+ 0-1

[Event "Chigorin Memorial"]
[Site "St Petersburg"]
[Date "2015.10.05"]
[Round "3.57"]
[White "Ivanov, Nikolay A"]
[Black "Sichinava, Zviad"]
[Result "0-1"]
[WhiteElo "1895"]
[BlackElo "2329"]
[PlyCount "50"]
[EventDate "2015.10.03"]
[EventRounds "9"]
[EventCountry "RUS"]

1. c4 Nf6 2. Nc3 c5 3. g3 g6 4. Bg2 Bg7 5. d3 O-O 6. Rb1 Nc6 7. a3 e6 8. b4 d5
9. cxd5 exd5 10. Bg5 Be6 11. Nf3 h6 12. Bxf6 Qxf6 13. Na4 cxb4 14. axb4 b5 15.
Nc5 Nxb4 16. O-O a5 17. Qb3 Rfb8 18. Rfc1 Nc6 19. Nxe6 Qxe6 20. Rc5 a4 21. Qc2
b4 22. Rxc6 b3 23. Qc5 Qxe2 24. d4 a3 25. Rb6 a2 0-1

[Event "Chigorin Memorial"]
[Site "St Petersburg"]
[Date "2015.10.05"]
[Round "3.58"]
[White "Abasheeva, Ksenia"]
[Black "Sedina, Elena"]
[Result "1-0"]
[WhiteElo "1780"]
[BlackElo "2322"]
[PlyCount "51"]
[EventDate "2015.10.03"]
[EventRounds "9"]
[EventCountry "RUS"]

1. e4 e6 2. d4 d5 3. Nd2 c5 4. exd5 exd5 5. Ngf3 a6 6. Be2 Nc6 7. dxc5 Bxc5 8.
Nb3 Bb6 9. O-O Nf6 10. c3 O-O 11. Bg5 Re8 12. Bh4 h6 13. Re1 g5 14. Bg3 Ne4 15.
Nbd4 f5 16. h3 Nxg3 17. fxg3 Qf6 18. Qb3 Nxd4 19. cxd4 Bxd4+ 20. Nxd4 Qxd4+ 21.
Kh2 Re3 22. Rad1 Qe5 23. Qxd5+ Qxd5 24. Rxd5 Be6 25. Rdd1 Kf7 26. Bh5+ 1-0

[Event "Chigorin Memorial"]
[Site "St Petersburg"]
[Date "2015.10.05"]
[Round "3.59"]
[White "Pridorozhni, Aleksei"]
[Black "Galaktionov, Artem"]
[Result "1/2-1/2"]
[WhiteElo "2575"]
[BlackElo "2174"]
[PlyCount "119"]
[EventDate "2015.10.03"]
[EventRounds "9"]
[EventCountry "RUS"]

1. e4 c6 2. Nc3 d5 3. Qe2 d4 4. Nd1 e5 5. g3 c5 6. d3 Nc6 7. f4 Bd6 8. Nf3 Qc7
9. f5 g6 10. Bg2 Bd7 11. O-O O-O-O 12. Ng5 Be8 13. fxg6 hxg6 14. Qf3 Nh6 15.
Qf6 Rg8 16. Ne6 fxe6 17. Bxh6 Qe7 18. Bg5 Bd7 19. Qxe7 Bxe7 20. Bxe7 Nxe7 21.
Nf2 Nc6 22. Ng4 Rdf8 23. a3 Kd8 24. Nh6 Rxf1+ 25. Rxf1 Rg7 26. h4 Ke7 27. Kh2
b5 28. g4 Be8 29. g5 a5 30. Bf3 c4 31. dxc4 bxc4 32. Kg3 c3 33. Rb1 Na7 34.
bxc3 dxc3 35. Be2 Kd6 36. Ng4 Ba4 37. Nf6 Kc5 38. Bd3 Nb5 39. Bxb5 Bxc2 40. Rc1
Kxb5 41. Rxc2 Kc4 42. Ng4 Kd3 43. Rf2 Kxe4 44. Rf3 Rc7 45. Ne3 c2 46. Nxc2 Rxc2
47. Rf6 Kd5 48. Rxg6 e4 49. h5 e3 50. Kf3 Rh2 51. Kxe3 Rxh5 52. Kf4 Rh4+ 53.
Kg3 Ra4 54. Rg8 Rxa3+ 55. Kf4 Ra1 56. g6 Rg1 57. Kf3 Kc4 58. g7 a4 59. Rc8+ Kb3
60. g8=Q 1/2-1/2

[Event "Chigorin Memorial"]
[Site "St Petersburg"]
[Date "2015.10.05"]
[Round "3.60"]
[White "Tukhaev, Adam"]
[Black "Bratus, Petr P"]
[Result "1-0"]
[WhiteElo "2569"]
[BlackElo "2124"]
[PlyCount "61"]
[EventDate "2015.10.03"]
[EventRounds "9"]
[EventCountry "RUS"]

1. e4 c5 2. Nf3 d6 3. d4 cxd4 4. Nxd4 Nf6 5. Nc3 a6 6. Be3 e6 7. g4 Be7 8. g5
Nfd7 9. h4 b5 10. a3 Bb7 11. f4 Nb6 12. Bg2 N8d7 13. b3 Qc7 14. Nce2 Rc8 15.
O-O g6 16. Ng3 d5 17. e5 Nc5 18. Qg4 Ne4 19. Nge2 Nc3 20. Nxc3 Qxc3 21. Bf2 Nd7
22. a4 bxa4 23. bxa4 Nc5 24. Rab1 Rc7 25. Qe2 h6 26. Rb6 hxg5 27. fxg5 Nxa4 28.
Rxb7 Rxb7 29. Qxa6 Nc5 30. Qc6+ Kf8 31. Nxe6+ 1-0

[Event "Chigorin Memorial"]
[Site "St Petersburg"]
[Date "2015.10.05"]
[Round "3.61"]
[White "Ivanov, Rostislav"]
[Black "Blomqvist, Erik"]
[Result "1/2-1/2"]
[WhiteElo "2134"]
[BlackElo "2530"]
[PlyCount "205"]
[EventDate "2015.10.03"]
[EventRounds "9"]
[EventCountry "RUS"]

1. e4 c5 2. Nf3 e6 3. d4 cxd4 4. Nxd4 a6 5. Nc3 Qc7 6. a3 Nf6 7. g3 Nc6 8. Nxc6
bxc6 9. Bg2 Be7 10. O-O O-O 11. h3 d5 12. exd5 cxd5 13. Re1 Bb7 14. Be3 Rac8
15. Bd4 Rfe8 16. Rc1 Nd7 17. f4 Bc5 18. Kh2 Nb6 19. Qd3 Nc4 20. Nd1 Qb6 21. Bc3
Bc6 22. b4 Bf8 23. Bd4 Qb7 24. Ne3 Nd6 25. Ng4 Nf5 26. Bf2 f6 27. Kg1 Rc7 28.
Nh2 Nd6 29. Nf3 Ne4 30. Nd4 f5 31. Nxc6 Qxc6 32. Bd4 Rec8 33. c3 Qa4 34. g4 Bd6
35. gxf5 Bxf4 36. Rc2 exf5 37. Rce2 Qb5 38. Qd1 Bg5 39. a4 Qd7 40. Be5 Rxc3 41.
Bxe4 fxe4 42. Bxc3 Rxc3 43. Rxe4 Rg3+ 44. Kf2 Rxh3 45. Kg2 Bf6 46. Qg4 Qxg4+
47. Rxg4 Ra3 48. Re6 h5 49. Rxf6 hxg4 50. Rxa6 d4 51. a5 Ra4 52. Rd6 Rxb4 53.
a6 Ra4 54. a7 Rxa7 55. Rxd4 Kf7 56. Rxg4 Kf6 57. Rb4 Ra3 58. Rb5 Re3 59. Ra5
Re5 60. Ra4 Kf5 61. Rb4 Re4 62. Rb3 Rg4+ 63. Kf3 Kg5 64. Rb8 Ra4 65. Rb1 Ra3+
66. Kg2 Re3 67. Kf2 Kf4 68. Rb5 Rf3+ 69. Kg2 Rg3+ 70. Kh2 Re3 71. Kg2 Re2+ 72.
Kh3 Re3+ 73. Kg2 Rg3+ 74. Kh2 Rg5 75. Rb4+ Kf3 76. Rb3+ Kg4 77. Rb4+ Kh5 78.
Ra4 Rb5 79. Kg3 Rb3+ 80. Kg2 Re3 81. Kf2 Re5 82. Kg3 Kg5 83. Kf3 Kf5 84. Rf4+
Ke6 85. Kg4 Re1 86. Ra4 Rg1+ 87. Kf4 Kf7 88. Kf3 Kf6 89. Ra5 Rg5 90. Ra6+ Kf5
91. Ra5+ Kg6 92. Ra1 Kh6 93. Rh1+ Rh5 94. Ra1 Rb5 95. Rh1+ Kg5 96. Rg1+ Kf6 97.
Ra1 Kf5 98. Ra3 g5 99. Kg3 g4 100. Rc3 Rd5 101. Ra3 Kg5 102. Rb3 Rf5 103. Ra3
1/2-1/2